| 000 | 00514nam a2200181Ia 4500 | ||
|---|---|---|---|
| 008 | 220216s9999 xx 000 0 und d | ||
| 100 | _aJoseph J | ||
| 245 | 0 | _aOver-dependence of Indian rubber industry on imported natural rubber: The question of long-term sustainability | |
| 260 |
_bRubber Science _c2018 |
||
| 300 | _a9-Jan | ||
| 650 | _aIndian rubber industry | ||
| 650 | _aNR production | ||
| 650 | _aNR supply | ||
| 650 | _aNR trade | ||
| 650 | _aRubber products | ||
| 700 | _aJacob J | ||
| 942 | _cBS | ||
| 999 |
_c49735 _d49735 |
||